| 000 | 00523nam a2200157Ia 4500 | ||
|---|---|---|---|
| 008 | 170224s9999 xx 000 0 und d | ||
| 100 | _aNatàlia Cantó-Milà | ||
| 245 | _aBetween reality and imagination, between you and me: Emotions and daydreaming in times of electronic communication | ||
| 245 | _cNatàlia Cantó-Milà, Francesc Núñez-Mosteo Swen Seebach | ||
| 260 | _bNew Media & Society | ||
| 260 | _c2016 | ||
| 300 | _a18:10 | ||
| 500 | _a2016 | ||
| 650 | _xCommunication Arts | ||
| 650 | _xMultimedia Arts | ||
| 999 |
_c316183 _d316183 |
||